000 00644nam a2200265Ia 4500
005 20260121165258.0
008 008 260114s9999 xx 000 0 eng d
020 _a9783658191207
037 _aEBOOK
040 _aCRL
040 _beng
040 _cCRL
041 _2eng
041 _aeng
084 _qCRL
100 _aAlexander Hübl
_91049722
245 0 _aStochastic Modelling in Production Planning
260 _bSpringer
260 _bSpringer
260 _c2018
856 _uhttps://link.springer.com/openurl?genre=book&isbn=978-3-658-19120-7
942 _cEBOOK
999 _c1615447
_d1615447